| Tag |
First Indicator |
Second Indicator |
Subfields |
| LEADER |
00000cam a2200000 a 4500 |
| 001 |
in00000018401 |
| 005 |
20151007053230.0 |
| 008 |
860903s1987 nju b 00110 eng |
| 010 |
|
|
|a 86023964
|
| 020 |
|
|
|a 0898599121 (pbk.)
|
| 020 |
|
|
|z 0898599211
|
| 035 |
|
|
|a (OCoLC)14518981
|
| 035 |
|
|
|9 AAB0892AM
|
| 040 |
|
|
|a DLC
|c DLC
|d TXA
|d UtOrBLW
|
| 049 |
|
|
|a TXAM
|c [A11084967]
|
| 050 |
0 |
0 |
|a RC455.4.S45
|b L48 1987
|
| 082 |
0 |
|
|a 155.3/3
|2 19
|
| 100 |
1 |
|
|a Lewis, Helen Block.
|
| 245 |
1 |
0 |
|a Sex and the superego :
|b psychic war in men and women /
|c Helen Block Lewis.
|
| 250 |
|
|
|a Rev. ed.
|
| 264 |
|
1 |
|a Hillsdale, N.J. :
|b Lawrence Erlbaum Associates,
|c 1987.
|
| 300 |
|
|
|a xv, 328 pages ;
|c 23 cm.
|
| 336 |
|
|
|a text
|b txt
|2 rdacontent
|
| 337 |
|
|
|a unmediated
|b n
|2 rdamedia
|
| 338 |
|
|
|a volume
|b nc
|2 rdacarrier
|
| 500 |
|
|
|a Revised edition of: Psychic war in men and women. 1976.
|
| 504 |
|
|
|a Includes bibliographies and index.
|
| 650 |
|
0 |
|a Mental illness.
|
| 650 |
|
0 |
|a Sex role.
|
| 650 |
|
0 |
|a Sex discrimination.
|
| 650 |
|
0 |
|a Ethnopsychology.
|
| 700 |
1 |
|
|a Lewis, Helen Block.
|t Psychic war in men and women.
|
| 999 |
|
|
|a MARS
|
| 999 |
f |
f |
|s 1250696b-fe27-316c-aefb-6d7b0e4470f2
|i 1b616514-6605-3656-86c5-74a45bc8b76a
|t 0
|
| 952 |
f |
f |
|p ric
|a Texas A&M University
|b Rellis Campus
|c Joint Library Facility
|d Remote Storage
|t 0
|e RC455.4.S45 L48 1987
|h Library of Congress classification
|i unmediated -- volume
|m A14811084967
|
| 998 |
f |
f |
|a RC455.4.S45 L48 1987
|t 0
|l Remote Storage
|